000 00218nam a2200109Ia 4500
100 _aGAIKWAD/ NAIR
650 _aEnglish
942 _cBK
245 _aEnglish
260 _bS.Chand
_aNew Delhi
_c2013
546 _aENGLISH
999 _c21785
_d21785